000 01077nam a22003017a 4500
001 6579
003 FISKH
005 20250819160141.0
008 250512b cb ||||| |||| 00| 0 eng d
020 _a0439071798
040 _aFISKH
_beng
_cFISKH
_dFISKH
050 _aPZ7.F59936 H
082 _a813
100 _aFleming, Candace
_d(1962-)
245 _aThe hatmaker's sign /
_cA Story by Benjamin Franklin ; Retold by Candace Fleming ; Illustrated by Robert Andrew Parker
250 _aThis edition first published in 1999
260 _aNew York :
_bScholastic,
_c1998
300 _a34 pages :
_bcolor illustrations ;
_c23 cm x 25 cm
505 _aG
520 _aTo heal the hurt pride of Thomas Jefferson as Congress makes changes to his Declaration of Independence, Benjamin Franklin tells his friend the story of a hatmaker and his sign.
521 8 _a410
_bLexile
521 8 _aG
_bRaz-Plus
650 _2History
_aMilliners
650 _2Government
_aHeroes
700 _aParker, Andrew Robert
_dillustrator
942 _2ddc
_cBK
_n0
999 _c6579
_d6579